000
00307nam a2200133Ia 4500
008
150201s2008 xx 000 0 und d
082
_a
616.79
_b
E08R
100
_a
RASTOGI,SC
245
_a
ELEMENTS IMMUNOLOGY
250
_a
1ST
260
_b
CBS
_a
DELHI
_c
2008
650
_a
MICROBIOLOGY
942
_2
ddc
_c
BK
_0
9
999
_c
1135
_d
1135